Swim like a fish : (Record no. 16634)
[ view plain ]
| 000 -LEADER | |
|---|---|
| fixed length control field | 00666nam a22002292a 4500 |
| 001 - CONTROL NUMBER | |
| control field | 16634 |
| 003 - CONTROL NUMBER IDENTIFIER | |
| rucl marc code | BD-RjUL |
| 005 - DATE AND TIME OF LATEST TRANSACTION | |
| control field | 20211209000032.0 |
| 008 - FIXED-LENGTH DATA ELEMENTS--GENERAL INFORMATION | |
| fixed length control field | 140215t1938 enka 001 0 eng d |
| 035 ## - SYSTEM CONTROL NUMBER | |
| System control number | (BD-RjUL)16689 |
| 040 ## - CATALOGING SOURCE | |
| Original cataloging agency | SHH |
| Transcribing agency | SHH |
| Modifying agency | EQO |
| -- | DB-RjUL |
| Language of cataloging | eng |
| 041 ## - LANGUAGE CODE | |
| Language code of text/sound track or separate title | eng |
| 082 04 - DEWEY DECIMAL CLASSIFICATION NUMBER | |
| Classification number | 797.2 |
| Author mark and year | LES 1938 |
| 090 ## - LOCALLY ASSIGNED LC-TYPE CALL NUMBER (OCLC); LOCAL CALL NUMBER (OCLC) | |
| Classification number (OCLC) (R) ; Classification number, CALL (RLIN) (NR) | GV837 |
| Local cutter number (OCLC) ; Book number/undivided call number, CALL (RLIN) | .L4 |
| 100 1# - MAIN ENTRY--PERSONAL NAME | |
| Personal name | Lear, H. A. |
| 9 (RLIN) | 51390 |
| 245 10 - TITLE STATEMENT | |
| Title | Swim like a fish : |
| Remainder of title | how to become an all-round swimmer / |
| Statement of responsibility, etc. | by H. A. Lear... with foreword by Fred G. Milton |
| 260 ## - PUBLICATION, DISTRIBUTION, ETC. (IMPRINT) | |
| Place of publication, distribution, etc. | London : |
| Name of publisher, distributor, etc. | A. Brown & Sons, |
| Date of publication, distribution, etc. | 1938. |
| 300 ## - PHYSICAL DESCRIPTION | |
| Pagination | 109 p. : |
| Illustrations | ill. ; |
| Size | 19 cm. |
| 504 ## - BIBLIOGRAPHY, ETC. NOTE | |
| Bibliography, etc | includes index. |
| 650 #0 - SUBJECT ADDED ENTRY--TOPICAL TERM | |
| Topical term or geographic name as entry element | Swimming |
| 9 (RLIN) | 51391 |
| 942 ## - ADDED ENTRY ELEMENTS (KOHA) | |
| Source of classification or shelving scheme | Dewey Decimal Classification |
| Koha item type | Books |
| Lost status | Source of classification or shelving scheme | Damaged status | Not for loan | Collection code | Permanent Location | Current Location | Shelving location | Date acquired | Source of acquisition | Cost, normal purchase price | Total Checkouts | Full call number | Date last seen | Copy number | Koha item type |
|---|---|---|---|---|---|---|---|---|---|---|---|---|---|---|---|
| Dewey Decimal Classification | Not For Loan | Non-fiction | Central Library, University of Rajshahi | Central Library, University of Rajshahi | Reading Room | 04/05/1966 | Anstali | 0.00 | 797.2 LES 1938 | 15/02/2014 | C-1 | Books |